Vararuchi kosh/ (Record no. 49124)

000 -LEADER
fixed length control field 00456nam a22001691a 4500
020 ## - INTERNATIONAL STANDARD BOOK NUMBER
ISBN 9788190889001
082 ## - DEWEY DECIMAL CLASSIFICATION NUMBER
Classification number S 491.23
Item number SHI/V
100 ## - MAIN ENTRY--AUTHOR NAME
Personal name Shivasankar Thripati
245 ## - TITLE STATEMENT
Title Vararuchi kosh/
Statement of responsibility, etc by Shivasankar Thripati
260 ## - PUBLICATION, DISTRIBUTION, ETC. (IMPRINT)
Place of publication Allahabad:
Name of publisher Bharateeya Maneesha Sutram,
Year of publication 2009.
300 ## - PHYSICAL DESCRIPTION
Number of Pages 58p.
650 ## - SUBJECT ADDED ENTRY--TOPICAL TERM
Topical Term Dictionary Vararuchi Sanskrit
650 ## - SUBJECT ADDED ENTRY--TOPICAL TERM
Topical Term Dictionary Sanskrit
650 ## - SUBJECT ADDED ENTRY--TOPICAL TERM
Topical Term Language Sanskrit
650 ## - SUBJECT ADDED ENTRY--TOPICAL TERM
Topical Term Language
942 ## - ADDED ENTRY ELEMENTS (KOHA)
Koha item type Book
Holdings
Withdrawn status Lost status Damaged status Not for loan Permanent Location Current Location Date acquired Cost, normal purchase price Full call number Accession Number Cost, replacement price Price effective from Koha item type
        Sree Sankaracharya University of Sanskrit Sree Sankaracharya University of Sanskrit 08.01.2015 150.00 S 491.23 SHI/V 072489 0.00 08.01.2015 Book